[Event "7. Torneo de Promoción de Almansa 2012"]
[Site "Almansa ESP"]
[Date "2012.08.10"]
[Round "7.1"]
[White "Martin Duque, Jesus"]
[Black "Diaz Velandia, Jose Manuel"]
[Result "1/2-1/2"]
[WhiteElo "2245"]
[BlackElo "2251"]
[PlyCount "59"]
[EventDate "2012.08.07"]
[EventType "swiss"]
[EventRounds "9"]
[EventCountry "ESP"]
[Source "lmi"]
[SourceDate "2012.08.07"]

1. e4 c6 2. d4 d5 3. Nc3 dxe4 4. Nxe4 Bf5 5. Ng3 Bg6 6. h4 h6 7. Nf3 Nd7 8. h5
Bh7 9. Bd3 Bxd3 10. Qxd3 e6 11. Bd2 Qc7 12. O-O-O O-O-O 13. Qe2 Ngf6 14. Ne5
Nb6 15. Ba5 Rd5 16. Bxb6 axb6 17. c4 Ra5 18. Kb1 Bd6 19. f4 Rd8 20. Rhe1 Kb8
21. Ne4 Nxe4 22. Qxe4 Bb4 23. Re3 Bf8 24. g4 b5 25. Rb3 f6 26. Ng6 bxc4 27. Rc3
Qd6 28. Rxc4 Rd5 29. Re1 f5 30. Qe2 1/2-1/2

[Event "7. Torneo de Promoción de Almansa 2012"]
[Site "Almansa ESP"]
[Date "2012.08.10"]
[Round "7.2"]
[White "Villasenor Rubio, Emilio Jose"]
[Black "Vega Gomez, Francisco B"]
[Result "1-0"]
[WhiteElo "2176"]
[BlackElo "2225"]
[PlyCount "57"]
[EventDate "2012.08.07"]
[EventType "swiss"]
[EventRounds "9"]
[EventCountry "ESP"]
[Source "lmi"]
[SourceDate "2012.08.07"]

1. e4 d5 2. exd5 Qxd5 3. Nc3 Qa5 4. d4 Nf6 5. Bc4 Bg4 6. f3 Bf5 7. Nge2 c6 8.
Bd2 Qb6 9. Bb3 e6 10. g4 Bg6 11. h4 h6 12. Nf4 Bh7 13. Qe2 Bg8 14. O-O-O Nbd7
15. g5 Nd5 16. Ncxd5 cxd5 17. Nxd5 Qc6 18. gxh6 gxh6 19. Nc3 O-O-O 20. d5 exd5
21. Nxd5 Nc5 22. Bc3 f6 23. Nxf6 Nxb3+ 24. axb3 Bd6 25. Kb1 Bf7 26. Ne4 Bf4 27.
Bxh8 Rxh8 28. Rd3 Re8 29. Rc3 1-0

[Event "7. Torneo de Promoción de Almansa 2012"]
[Site "Almansa ESP"]
[Date "2012.08.10"]
[Round "7.3"]
[White "Fernandez Barrera, Victor"]
[Black "Montoliu Cervero, Francisco"]
[Result "1/2-1/2"]
[WhiteElo "2316"]
[BlackElo "2270"]
[PlyCount "149"]
[EventDate "2012.08.07"]
[EventType "swiss"]
[EventRounds "9"]
[EventCountry "ESP"]
[Source "lmi"]
[SourceDate "2012.08.07"]

1. e4 c5 2. Nf3 d6 3. d4 cxd4 4. Nxd4 Nf6 5. Nc3 g6 6. Be3 Bg7 7. f3 Nc6 8. Qd2
O-O 9. O-O-O d5 10. Kb1 Nxd4 11. e5 Nf5 12. exf6 exf6 13. Bc5 d4 14. Bxf8 Qxf8
15. Nb5 Ne3 16. Re1 f5 17. Nxd4 f4 18. Rxe3 fxe3 19. Qxe3 Bd7 20. Bd3 Re8 21.
Qf2 Qc5 22. c3 b5 23. Qc2 Qe5 24. a3 a5 25. b4 Qd6 26. Rd1 axb4 27. axb4 Bxd4
28. Be4 Qxh2 29. Rxd4 Be6 30. Qd2 Kg7 31. Rd6 h5 32. Kb2 Bc4 33. Rd7 Qe5 34.
Bd5 Qe2 35. Bxc4 Qxc4 36. Qd1 Re3 37. Qc2 h4 38. Rd4 Qe6 39. Rd2 h3 40. gxh3
Rxf3 41. h4 Qg4 42. Rh2 Kh6 43. Qe2 Qf4 44. Rg2 Qf5 45. Qd2+ Kh7 46. Qg5 Qh3
47. h5 Qxh5 48. Qxh5+ gxh5 49. Rg5 Kh6 50. Rxb5 h4 51. Rb8 Kg7 52. Rd8 h3 53.
Rd1 h2 54. Rh1 Rf2+ 55. Kb3 Kf6 56. b5 Ke6 57. Kc4 Kd6 58. Kd4 Rf4+ 59. Ke3 Rh4
60. Kf3 Rh3+ 61. Kg2 Rxc3 62. Kxh2 Rb3 63. Rf1 Ke6 64. Re1+ Kf6 65. Rf1+ Kg6
66. Kg2 Rxb5 67. Ra1 Kg5 68. Ra3 f5 69. Rc3 Kg4 70. Rc4+ f4 71. Rc3 Rb2+ 72.
Kg1 Re2 73. Kf1 Ra2 74. Rb3 f3 75. Rb8 1/2-1/2

[Event "7. Torneo de Promoción de Almansa 2012"]
[Site "Almansa ESP"]
[Date "2012.08.10"]
[Round "7.4"]
[White "Jimenez Martinez, Jose Vicente"]
[Black "Navarrete Espi, Samuel"]
[Result "1-0"]
[WhiteElo "2285"]
[BlackElo "2176"]
[PlyCount "85"]
[EventDate "2012.08.07"]
[EventType "swiss"]
[EventRounds "9"]
[EventCountry "ESP"]
[Source "lmi"]
[SourceDate "2012.08.07"]

1. d4 Nf6 2. c4 g6 3. Nc3 Bg7 4. e4 d6 5. f3 O-O 6. Be3 Nc6 7. Nge2 a6 8. Qd2
Rb8 9. h4 h5 10. Rc1 Bd7 11. b3 b5 12. cxb5 axb5 13. d5 Ne5 14. Nd4 e6 15. Bxb5
exd5 16. Bxd7 Qxd7 17. exd5 Rfe8 18. O-O Qe7 19. Bg5 Qf8 20. Rfe1 Nfd7 21. Nc6
Nxc6 22. dxc6 Ne5 23. Nd5 f6 24. Bf4 Qf7 25. Red1 Rb5 26. b4 g5 27. Bxe5 Rxe5
28. Nxc7 Qxc7 29. Qxd6 Qb6+ 30. Kh2 Bf8 31. Qxf6 Qf2 32. Qg6+ Kh8 33. Qxh5+ Kg8
34. c7 Rxb4 35. Qg6+ Kh8 36. Qf6+ Kg8 37. Qxf8+ Kxf8 38. c8=Q+ Re8 39. Qf5+ Kg8
40. Qxg5+ Kf8 41. Qf6+ Kg8 42. Qg6+ Kf8 43. Qd6+ 1-0

[Event "7. Torneo de Promoción de Almansa 2012"]
[Site "Almansa ESP"]
[Date "2012.08.10"]
[Round "7.5"]
[White "Gil Quilez, David"]
[Black "Sanchez Jerez, Emilio Miguel"]
[Result "1/2-1/2"]
[WhiteElo "2179"]
[BlackElo "2226"]
[PlyCount "67"]
[EventDate "2012.08.07"]
[EventType "swiss"]
[EventRounds "9"]
[EventCountry "ESP"]
[Source "lmi"]
[SourceDate "2012.08.07"]

1. e4 a6 2. Nf3 b5 3. d4 Bb7 4. Bd3 Nf6 5. Qe2 g6 6. c3 Bg7 7. a4 c6 8. O-O O-O
9. b3 d6 10. Re1 Nbd7 11. h3 e5 12. axb5 axb5 13. Rxa8 Qxa8 14. Ba3 Ne8 15.
dxe5 Nxe5 16. Nxe5 Bxe5 17. c4 Nc7 18. c5 dxc5 19. Bxc5 Rd8 20. Nd2 Ne6 21. Be3
Qa3 22. Nf3 Bc3 23. Rb1 Qd6 24. Bc2 Nf4 25. Bxf4 Qxf4 26. Rd1 Rxd1+ 27. Qxd1
Kg7 28. Qd3 b4 29. Nd4 Qc1+ 30. Kh2 Qf4+ 31. Kg1 Qc1+ 32. Kh2 Qe1 33. Nf5+ gxf5
34. Qg3+ 1/2-1/2

[Event "7. Torneo de Promoción de Almansa 2012"]
[Site "Almansa ESP"]
[Date "2012.08.10"]
[Round "7.6"]
[White "Montalban Galvez, Antoni"]
[Black "Leon Varela, Luis"]
[Result "1-0"]
[WhiteElo "2204"]
[BlackElo "2165"]
[PlyCount "61"]
[EventDate "2012.08.07"]
[EventType "swiss"]
[EventRounds "9"]
[EventCountry "ESP"]
[Source "lmi"]
[SourceDate "2012.08.07"]

1. Nf3 d5 2. d4 Nf6 3. c4 c6 4. Nc3 e6 5. Qd3 dxc4 6. Qxc4 b5 7. Qb3 Bb7 8. g3
b4 9. Bg2 Nbd7 10. Na4 c5 11. O-O Bd5 12. Qd1 c4 13. Re1 Be7 14. Bg5 O-O 15.
Rc1 Rc8 16. Bf1 Qa5 17. e4 Bc6 18. b3 Bxa4 19. bxa4 Nb6 20. d5 Rfd8 21. Qc2 c3
22. Bb5 a6 23. Bc6 Rxc6 24. dxc6 Nxa4 25. e5 Nd5 26. Rcd1 Nb2 27. Rxd5 Qxd5 28.
Bxe7 Rc8 29. Ng5 g6 30. Ne4 Qd3 31. Qc1 1-0

[Event "7. Torneo de Promoción de Almansa 2012"]
[Site "Almansa ESP"]
[Date "2012.08.10"]
[Round "7.7"]
[White "Kovacevic, Slobodan"]
[Black "Piriz Fernandez, Daniel"]
[Result "1-0"]
[WhiteElo "2300"]
[BlackElo "1971"]
[PlyCount "89"]
[EventDate "2012.08.07"]
[EventType "swiss"]
[EventRounds "9"]
[EventCountry "ESP"]
[Source "lmi"]
[SourceDate "2012.08.07"]

1. d4 Nf6 2. Nf3 g6 3. Bg5 Bg7 4. Nbd2 O-O 5. c3 d6 6. e4 h6 7. Bh4 c5 8. dxc5
dxc5 9. Qc2 Nc6 10. Be2 Nh5 11. O-O Nf4 12. Bb5 g5 13. Bg3 e5 14. Rfd1 Qc7 15.
a4 Bg4 16. Nf1 a6 17. Bc4 Rab8 18. Ne3 Bxf3 19. gxf3 Ne7 20. a5 Kh8 21. Rd2
Rbd8 22. Rxd8 Qxd8 23. Qb3 Qc7 24. Bxf7 Nc6 25. Bd5 Nxa5 26. Qa3 b6 27. Bxf4
Rxf4 28. b4 cxb4 29. cxb4 Bf8 30. Qb2 Nb7 31. Rc1 Qe7 32. Bxb7 Qxb7 33. Qxe5+
Bg7 34. Qe6 Rf6 35. Rc8+ Kh7 36. Qg8+ Kg6 37. Nd5 Rf7 38. Rb8 Qd7 39. Rxb6+ Kh5
40. Rd6 Qb7 41. Qe8 Kh4 42. Kg2 g4 43. f4 a5 44. Qd8+ Kh5 45. Kg3 1-0

[Event "7. Torneo de Promoción de Almansa 2012"]
[Site "Almansa ESP"]
[Date "2012.08.10"]
[Round "7.8"]
[White "Arias Igual, Alejandro"]
[Black "Berrocal, Jorge"]
[Result "1/2-1/2"]
[WhiteElo "2150"]
[BlackElo "2240"]
[PlyCount "129"]
[EventDate "2012.08.07"]
[EventType "swiss"]
[EventRounds "9"]
[EventCountry "ESP"]
[Source "lmi"]
[SourceDate "2012.08.07"]

1. d4 e6 2. c4 Nf6 3. Nf3 d5 4. Nc3 Be7 5. Bf4 dxc4 6. Qa4+ c6 7. Qxc4 O-O 8.
e4 b5 9. Qd3 Bb7 10. Rd1 b4 11. Na4 Qa5 12. b3 c5 13. dxc5 Nxe4 14. Bd6 Rd8 15.
Bxe7 Rxd3 16. Bxd3 Na6 17. Rc1 Nc3 18. O-O Bd5 19. Nxc3 bxc3 20. Bxa6 Qxa6 21.
Rxc3 Rc8 22. a4 Qb7 23. Bg5 f6 24. Bd2 e5 25. Rfc1 Bc6 26. Ne1 Rd8 27. Be3 Qb4
28. Kf1 Kf7 29. Ke2 h6 30. f3 g5 31. h3 Ke6 32. Nd3 Qa3 33. R1c2 a5 34. Bc1 Qa1
35. Nb2 e4 36. Nc4 Rd3 37. Rxd3 exd3+ 38. Kxd3 Qb1 39. Nxa5 Be8 40. Kc3 Bg6 41.
Re2+ Kd5 42. Rd2+ Kxc5 43. Ba3+ Kb6 44. Nc4+ Kc7 45. a5 Qa1+ 46. Kb4 Qe1 47.
Kb5 Be8+ 48. Kc5 Qg1+ 49. Kb4 Qe1 50. Bb2 Bf7 51. Bc3 Qe7+ 52. Nd6 Kc6 53. Ka4
Bd5 54. Bb4 Qe3 55. Rc2+ Kd7 56. Nc4 Bc6+ 57. Ka3 Qg1 58. Nb6+ Kc7 59. Bc5 Qa1+
60. Kb4 Kb7 61. Nc4 Qe1+ 62. Rd2 Bd5 63. Bf2 Qe7+ 64. Bc5 Qe1 65. Bf2 1/2-1/2

[Event "7. Torneo de Promoción de Almansa 2012"]
[Site "Almansa ESP"]
[Date "2012.08.10"]
[Round "7.9"]
[White "Rioboo De Larriva, Alvaro"]
[Black "Nieves Cabanes, Javier"]
[Result "1-0"]
[WhiteElo "2236"]
[BlackElo "2016"]
[PlyCount "105"]
[EventDate "2012.08.07"]
[EventType "swiss"]
[EventRounds "9"]
[EventCountry "ESP"]
[Source "lmi"]
[SourceDate "2012.08.07"]

1. e4 c5 2. Nc3 Nc6 3. Bb5 Nd4 4. Bc4 g6 5. Nge2 Bg7 6. Nxd4 cxd4 7. Qf3 e6 8.
Nb5 d6 9. Qa3 Ke7 10. c3 dxc3 11. dxc3 a6 12. Bd3 Rb8 13. Nd4 e5 14. Nc2 Be6
15. f4 f5 16. fxe5 Bxe5 17. exf5 gxf5 18. O-O Qd7 19. Bg5+ Nf6 20. Rae1 Kf7 21.
Ne3 Rhg8 22. Bxf6 Bxf6 23. Bxf5 Rxg2+ 24. Kxg2 Rg8+ 25. Kh3 Rg5 26. Bxe6+ Qxe6+
27. Nf5 Rh5+ 28. Kg2 Qd5+ 29. Kg1 Qd2 30. Qxd6 Rg5+ 31. Qg3 Rxg3+ 32. Nxg3 Kg7
33. Nh5+ Kg6 34. Nxf6 Qxb2 35. Nd5 Qxa2 36. Rf6+ Kg7 37. Rd6 Kf8 38. Rd8+ Kf7
39. Re7+ Kg6 40. Rxb7 Qa3 41. Rb6+ Kh5 42. Nf6+ Kg5 43. Rd5+ Kf4 44. Rb4+ Kf3
45. Rf5+ Ke2 46. Re4+ Kd3 47. Rf3+ Kc2 48. Re2+ Kd1 49. Rg2 Qc5+ 50. Kh1 Ke1
51. Ne4 Qc6 52. Re3+ Kd1 53. Rd2+ 1-0

[Event "7. Torneo de Promoción de Almansa 2012"]
[Site "Almansa ESP"]
[Date "2012.08.10"]
[Round "7.10"]
[White "Diaz Rodriguez, Jose Antonio"]
[Black "Serna Lara, Sergio"]
[Result "1/2-1/2"]
[WhiteElo "2087"]
[BlackElo "2234"]
[PlyCount "81"]
[EventDate "2012.08.07"]
[EventType "swiss"]
[EventRounds "9"]
[EventCountry "ESP"]
[Source "lmi"]
[SourceDate "2012.08.07"]

1. e4 e6 2. d4 d5 3. e5 c5 4. c3 Qb6 5. Nf3 Nc6 6. Be2 Nh6 7. O-O cxd4 8. Bxh6
dxc3 9. Nxc3 gxh6 10. Qd2 Bg7 11. Rfe1 O-O 12. Bd3 f6 13. exf6 Rxf6 14. Bc2 Ne7
15. Qd3 Ng6 16. Bb3 Nf4 17. Qd2 Bd7 18. Ne5 Bc6 19. Na4 Qc7 20. Rac1 Raf8 21.
f3 Qd8 22. Nc5 Bb5 23. Ng4 Rg6 24. Nxe6 Qb6+ 25. Nc5 Nd3 26. Kh1 Nxc1 27. Qxd5+
Kh8 28. Rxc1 Rg5 29. Nd7 Qd8 30. Nge5 Bxe5 31. Nxf8 Qxf8 32. Qxb7 Be8 33. Rc8
Rg7 34. Qe4 Re7 35. Ba4 Qf7 36. Rxe8+ Rxe8 37. Bxe8 Qc7 38. g3 Qc1+ 39. Kg2
Qxb2+ 40. Kh3 Qa1 41. Qa8 1/2-1/2

[Event "7. Torneo de Promoción de Almansa 2012"]
[Site "Almansa ESP"]
[Date "2012.08.10"]
[Round "7.11"]
[White "Lara Granero, Bio"]
[Black "Diez Fraile, David"]
[Result "1/2-1/2"]
[WhiteElo "2045"]
[BlackElo "2202"]
[PlyCount "43"]
[EventDate "2012.08.07"]
[EventType "swiss"]
[EventRounds "9"]
[EventCountry "ESP"]
[Source "lmi"]
[SourceDate "2012.08.07"]

1. Nf3 Nf6 2. g3 g6 3. Bg2 Bg7 4. O-O O-O 5. c4 d6 6. d4 c5 7. dxc5 dxc5 8. Nc3
Nc6 9. Be3 Be6 10. Ng5 Qxd1 11. Rfxd1 Bxc4 12. Bxc5 h6 13. Nh3 Rfd8 14. Bxc6
bxc6 15. Bxe7 Rxd1+ 16. Rxd1 Nd5 17. Nxd5 Bxd5 18. b3 Re8 19. Bc5 Rxe2 20. Nf4
Rxa2 21. Nxd5 cxd5 22. Rxd5 1/2-1/2

[Event "7. Torneo de Promoción de Almansa 2012"]
[Site "Almansa ESP"]
[Date "2012.08.10"]
[Round "7.12"]
[White "Sacristan Latorre, Alberto"]
[Black "Mingarro Carceller, Sergi"]
[Result "1/2-1/2"]
[WhiteElo "2011"]
[BlackElo "2158"]
[PlyCount "108"]
[EventDate "2012.08.07"]
[EventType "swiss"]
[EventRounds "9"]
[EventCountry "ESP"]
[Source "lmi"]
[SourceDate "2012.08.07"]

1. e4 e6 2. d4 d5 3. Nd2 Nf6 4. e5 Nfd7 5. Bd3 c5 6. c3 Nc6 7. Ne2 cxd4 8. cxd4
f6 9. exf6 Nxf6 10. Nf3 Bd6 11. O-O Qc7 12. Bg5 O-O 13. Rc1 Nh5 14. Bh4 g6 15.
Re1 a6 16. Bb1 Bd7 17. Ng3 Nf4 18. Ne5 Rae8 19. Bg5 Bc8 20. Bh6 Rf7 21. Nxf7
Qxf7 22. Ne2 Nh5 23. Ng3 Nf4 24. Ne2 Nh5 25. a3 Qf6 26. Be3 Rf8 27. Qd2 Bd7 28.
Rf1 Bb8 29. Bg5 Qf7 30. Bh6 Re8 31. Ng3 Ng7 32. Rc3 Qf6 33. Rd1 Ba7 34. Rd3 Rc8
35. Bg5 Qf8 36. Rf3 Qd6 37. Bf4 Qe7 38. Bg5 Qd6 39. Ne2 Nh5 40. h3 Rf8 41.
Rxf8+ Qxf8 42. g4 Ng7 43. Qf4 Ne8 44. Bh6 Qe7 45. Rd3 Nd6 46. Bg5 Qf8 47. Qxf8+
Kxf8 48. Rf3+ Kg7 49. Bf6+ Kg8 50. Kg2 Nc4 51. b4 Nd2 52. Bd3 Nxf3 53. Kxf3 Kf7
54. Bh8 Bb8 1/2-1/2

[Event "7. Torneo de Promoción de Almansa 2012"]
[Site "Almansa ESP"]
[Date "2012.08.10"]
[Round "7.13"]
[White "Pena Riasco, Alexander"]
[Black "Leon Acosta, Miguel"]
[Result "0-1"]
[WhiteElo "2237"]
[BlackElo "1985"]
[PlyCount "70"]
[EventDate "2012.08.07"]
[EventType "swiss"]
[EventRounds "9"]
[EventCountry "ESP"]
[Source "lmi"]
[SourceDate "2012.08.07"]

1. e4 Nf6 2. e5 Nd5 3. c4 Nb6 4. d4 d6 5. exd6 cxd6 6. Nc3 g6 7. Nf3 Bg7 8. Be2
Bg4 9. Be3 Nc6 10. O-O Bxf3 11. Bxf3 Nxc4 12. Bxc6+ bxc6 13. Qa4 Nb6 14. Qxc6+
Qd7 15. Qxd7+ Kxd7 16. Rfc1 Rhc8 17. Kf1 f5 18. g3 g5 19. Ne2 Bf6 20. Rxc8 Rxc8
21. Rc1 Rxc1+ 22. Bxc1 Nd5 23. Bd2 Kc6 24. b3 Nc7 25. f3 Kd5 26. a4 Ne6 27. b4
Nxd4 28. Nxd4 Kxd4 29. Ke2 a6 30. Be3+ Kc4 31. Bd2 g4 32. Be1 Bd4 33. fxg4 fxg4
34. b5 axb5 35. axb5 e5 0-1

[Event "7. Torneo de Promoción de Almansa 2012"]
[Site "Almansa ESP"]
[Date "2012.08.10"]
[Round "7.14"]
[White "Sabater Sanchez, Asensio"]
[Black "Garcia Gata, Jorge D"]
[Result "1-0"]
[WhiteElo "2170"]
[BlackElo "2079"]
[PlyCount "115"]
[EventDate "2012.08.07"]
[EventType "swiss"]
[EventRounds "9"]
[EventCountry "ESP"]
[Source "lmi"]
[SourceDate "2012.08.07"]

1. Nf3 c5 2. g3 Nc6 3. Bg2 g6 4. c4 Bg7 5. Nc3 e5 6. O-O Nge7 7. Ne1 d6 8. Nc2
Be6 9. Ne3 O-O 10. Ned5 Qd7 11. Re1 Bh3 12. Bh1 f5 13. d3 f4 14. Ne4 Nxd5 15.
cxd5 Ne7 16. Rb1 Rf5 17. Bf3 Raf8 18. g4 R5f7 19. Ng5 Bxg4 20. Nxf7 Bxf3 21.
Nxe5 Bxe5 22. exf3 Qh3 23. Kh1 Rf5 24. Rg1 Rh5 25. Rg2 Nf5 26. Qa4 Qxf3 27. Qe4
Ng3+ 28. fxg3 Qf1+ 29. Rg1 Rxh2+ 30. Kxh2 fxg3+ 31. Rxg3 Qf2+ 32. Qg2 Bxg3+ 33.
Kh3 Qf5+ 34. Kxg3 Qxd3+ 35. Qf3 Qxb1 36. Bh6 Qe1+ 37. Kg2 Qe7 38. Qg4 Kf7 39.
Bg5 Qe8 40. Qf4+ Kg8 41. Qe3 Qxe3 42. Bxe3 Kf7 43. Bg5 b5 44. b3 a5 45. Kf3 Ke8
46. Ke2 Kd7 47. Kd3 Kc7 48. a4 c4+ 49. bxc4 bxa4 50. Kc3 h5 51. Kb2 Kb6 52.
Be3+ Kc7 53. Ka3 h4 54. Kxa4 h3 55. Bg1 g5 56. Kxa5 g4 57. Bh2 Kd7 58. Kb5 1-0

[Event "7. Torneo de Promoción de Almansa 2012"]
[Site "Almansa ESP"]
[Date "2012.08.10"]
[Round "7.15"]
[White "Sos Andreu, Eric"]
[Black "Garcia Munoz, Raul"]
[Result "1-0"]
[WhiteElo "2165"]
[BlackElo "2072"]
[PlyCount "83"]
[EventDate "2012.08.07"]
[EventType "swiss"]
[EventRounds "9"]
[EventCountry "ESP"]
[Source "lmi"]
[SourceDate "2012.08.07"]

1. d4 Nf6 2. c4 e6 3. g3 d5 4. Nf3 dxc4 5. Bg2 Bb4+ 6. Bd2 Be7 7. O-O O-O 8.
Qc2 Nbd7 9. Qxc4 c6 10. Bf4 Nd5 11. Nc3 Nxf4 12. gxf4 Nb6 13. Qb3 Nd5 14. e3 f6
15. Rac1 Kh8 16. Ne4 Qe8 17. Kh1 Qg6 18. Ned2 Bd6 19. Rg1 Qh5 20. Ne4 Bc7 21.
Ng3 Qh6 22. Qa3 Bd7 23. Ne4 Rae8 24. Qxa7 Bc8 25. Qa3 e5 26. dxe5 fxe5 27. Nxe5
Rxf4 28. exf4 Qxf4 29. Qg3 Qf5 30. Qg5 Qxe5 31. Qxe5 Bxe5 32. Nc3 Nf4 33. Rce1
Nd3 34. Re2 Nf4 35. Re3 Ng6 36. Rge1 Rd8 37. Rxe5 Nxe5 38. Rxe5 h6 39. Be4 g5
40. Kg2 Bg4 41. Re7 h5 42. h3 1-0

[Event "7. Torneo de Promoción de Almansa 2012"]
[Site "Almansa ESP"]
[Date "2012.08.11"]
[Round "8.1"]
[White "Diaz Velandia, Jose Manuel"]
[Black "Villasenor Rubio, Emilio Jose"]
[Result "0-1"]
[WhiteElo "2251"]
[BlackElo "2176"]
[PlyCount "84"]
[EventDate "2012.08.07"]
[EventType "swiss"]
[EventRounds "9"]
[EventCountry "ESP"]
[Source "lmi"]
[SourceDate "2012.08.07"]

1. d4 Nf6 2. Nf3 g6 3. g3 Bg7 4. Bg2 O-O 5. O-O d6 6. b3 c5 7. Bb2 Nc6 8. d5
Nb4 9. c4 Bf5 10. a3 Na6 11. Nh4 Bd7 12. e4 b5 13. Nd2 bxc4 14. bxc4 Rb8 15.
Bc3 e5 16. dxe6 Bxe6 17. Qa4 Nc7 18. Rad1 Nd7 19. Bxg7 Kxg7 20. f4 Bg4 21. Ndf3
Nb6 22. Qc2 Ne6 23. Rd2 Qc7 24. f5 Nd8 25. f6+ Kh8 26. Qd3 Ne6 27. h3 Bxf3 28.
Bxf3 Nd4 29. Bg4 Nd7 30. Qe3 Ne5 31. Qh6 Rg8 32. Rh2 Rb3 33. Ng2 Rxg3 34. Kh1
Ndf3 35. Bxf3 Rxf3 36. Rxf3 Nxf3 37. Nf4 Nxh2 38. Nd5 Qb8 39. Kxh2 Qb2+ 40. Kg3
Qe5+ 41. Kf2 Qxe4 42. Ne3 Qd4 0-1

[Event "7. Torneo de Promoción de Almansa 2012"]
[Site "Almansa ESP"]
[Date "2012.08.11"]
[Round "8.2"]
[White "Fernandez Barrera, Victor"]
[Black "Martin Duque, Jesus"]
[Result "1/2-1/2"]
[WhiteElo "2316"]
[BlackElo "2245"]
[PlyCount "44"]
[EventDate "2012.08.07"]
[EventType "swiss"]
[EventRounds "9"]
[EventCountry "ESP"]
[Source "lmi"]
[SourceDate "2012.08.07"]

1. e4 e6 2. d4 d5 3. Nd2 Be7 4. Bd3 c5 5. dxc5 Nd7 6. exd5 exd5 7. Nb3 Nxc5 8.
Nxc5 Bxc5 9. Bb5+ Bd7 10. Qe2+ Ne7 11. Bxd7+ Qxd7 12. Nf3 O-O 13. O-O Nc6 14.
a3 Rfe8 15. Qd3 Rad8 16. b4 Bb6 17. Bb2 f6 18. Rad1 Re4 19. Nd2 Re7 20. Nf3 Re4
21. Nd2 Re7 22. Nf3 Re4 1/2-1/2

[Event "7. Torneo de Promoción de Almansa 2012"]
[Site "Almansa ESP"]
[Date "2012.08.11"]
[Round "8.3"]
[White "Montoliu Cervero, Francisco"]
[Black "Jimenez Martinez, Jose Vicente"]
[Result "1/2-1/2"]
[WhiteElo "2270"]
[BlackElo "2285"]
[PlyCount "110"]
[EventDate "2012.08.07"]
[EventType "swiss"]
[EventRounds "9"]
[EventCountry "ESP"]
[Source "lmi"]
[SourceDate "2012.08.07"]

1. e4 d6 2. d4 g6 3. Nc3 Bg7 4. f4 Nf6 5. Nf3 c5 6. dxc5 Qa5 7. Bd3 Qxc5 8. Qe2
O-O 9. Be3 Qa5 10. O-O Nc6 11. Kh1 Bg4 12. Qf2 Bxf3 13. Qxf3 Nd7 14. Bd2 Rac8
15. Rfd1 Nc5 16. Nd5 Qd8 17. Bc3 Bxc3 18. Nxc3 Nd4 19. Qe3 Nxd3 20. Qxd3 Nc6
21. Nd5 e6 22. Ne3 Qf6 23. g3 Rfd8 24. c3 Qe7 25. Kg2 d5 26. exd5 exd5 27. Nc2
Qe4+ 28. Kf2 h5 29. Rd2 h4 30. Re1 Qa4 31. a3 Rd7 32. Nd4 Qc4 33. Nf3 hxg3+ 34.
hxg3 Qc5+ 35. Kg2 Rcd8 36. Nd4 Qc4 37. Kf3 Kg7 38. g4 Nxd4+ 39. Qxd4+ Qxd4 40.
Rxd4 f5 41. gxf5 gxf5 42. Re5 Kf6 43. Ke3 Re7 44. Rxe7 Kxe7 45. Rd2 Kd6 46. Rh2
Re8+ 47. Kd3 Re5 48. Rh6+ Kc7 49. Rh7+ Kc6 50. Rh6+ Kc7 51. Rh5 a5 52. b4 axb4
53. axb4 b5 54. Rh7+ Kc6 55. Rh6+ Kc7 1/2-1/2

[Event "7. Torneo de Promoción de Almansa 2012"]
[Site "Almansa ESP"]
[Date "2012.08.11"]
[Round "8.4"]
[White "Vega Gomez, Francisco B"]
[Black "Montalban Galvez, Antoni"]
[Result "1/2-1/2"]
[WhiteElo "2225"]
[BlackElo "2204"]
[PlyCount "70"]
[EventDate "2012.08.07"]
[EventType "swiss"]
[EventRounds "9"]
[EventCountry "ESP"]
[Source "lmi"]
[SourceDate "2012.08.07"]

1. Nf3 Nf6 2. g3 g6 3. Bg2 Bg7 4. O-O O-O 5. d4 d6 6. Nc3 Nbd7 7. e4 e5 8. h3
c6 9. a4 a5 10. Be3 exd4 11. Bxd4 Re8 12. Re1 c5 13. Bxf6 Nxf6 14. e5 dxe5 15.
Qxd8 Rxd8 16. Nxe5 Rd7 17. Rad1 Rxd1 18. Nxd1 Bf5 19. Ne3 Be4 20. Bxe4 Nxe4 21.
N3c4 f5 22. Nd3 Re8 23. Kg2 Nd6 24. Nde5 Bxe5 25. Nxe5 Rd8 26. Kf1 c4 27. c3 b5
28. axb5 Rb8 29. Rd1 Rxb5 30. Rxd6 Rxe5 31. f4 Rb5 32. Rd2 a4 33. Ke2 Kf7 34.
Kd1 Ke6 35. h4 Rd5 1/2-1/2

[Event "7. Torneo de Promoción de Almansa 2012"]
[Site "Almansa ESP"]
[Date "2012.08.11"]
[Round "8.5"]
[White "Sanchez Jerez, Emilio Miguel"]
[Black "Kovacevic, Slobodan"]
[Result "0-1"]
[WhiteElo "2226"]
[BlackElo "2300"]
[PlyCount "71"]
[EventDate "2012.08.07"]
[EventType "swiss"]
[EventRounds "9"]
[EventCountry "ESP"]
[Source "lmi"]
[SourceDate "2012.08.07"]

1. e4 c5 2. Nf3 e6 3. d4 cxd4 4. Nxd4 a6 5. Nc3 Qc7 6. g4 b5 7. Bg2 Bb7 8. Be3
Nc6 9. O-O Nxd4 10. Qxd4 Ne7 11. f4 Nc6 12. Qd3 Rc8 13. Rf2 Na5 14. Bd4 Nc6 15.
Be3 Na5 16. Bd4 Nc6 17. Be3 Na5 18. Nd1 Nc4 19. Bd4 d6 20. b3 Nb6 21. Ne3 Nd7
22. c4 b4 23. Re1 Be7 24. Bxg7 Rg8 25. Bd4 Bh4 26. g5 Bxf2+ 27. Kxf2 Nc5 28.
Qc2 Kf8 29. Ng4 e5 30. fxe5 Ne6 31. Be3 dxe5 32. Nf6 Rg6 33. Bh3 Qe7 34. Bf5
Rxf6 35. gxf6 Qxf6 36. Qd2 0-1

[Event "7. Torneo de Promoción de Almansa 2012"]
[Site "Almansa ESP"]
[Date "2012.08.11"]
[Round "8.6"]
[White "Leon Acosta, Miguel"]
[Black "Rioboo De Larriva, Alvaro"]
[Result "0-1"]
[WhiteElo "1985"]
[BlackElo "2236"]
[PlyCount "36"]
[EventDate "2012.08.07"]
[EventType "swiss"]
[EventRounds "9"]
[EventCountry "ESP"]
[Source "lmi"]
[SourceDate "2012.08.07"]

1. b3 e5 2. Bb2 Nc6 3. c4 Nf6 4. e3 d5 5. cxd5 Nxd5 6. a3 Bd6 7. d3 Be6 8. Nd2
Nb6 9. Nc4 Nxc4 10. bxc4 Qe7 11. Qc2 O-O 12. Nf3 Bf5 13. Qc3 Rfe8 14. Rc1 b6
15. g3 Rad8 16. Nh4 Bg4 17. Bg2 Nd4 18. h3 Ne2 0-1

[Event "7. Torneo de Promoción de Almansa 2012"]
[Site "Almansa ESP"]
[Date "2012.08.11"]
[Round "8.8"]
[White "Serna Lara, Sergio"]
[Black "Arias Igual, Alejandro"]
[Result "0-1"]
[WhiteElo "2234"]
[BlackElo "2150"]
[PlyCount "58"]
[EventDate "2012.08.07"]
[EventType "swiss"]
[EventRounds "9"]
[EventCountry "ESP"]
[Source "lmi"]
[SourceDate "2012.08.07"]

1. d4 d5 2. c4 dxc4 3. Nf3 c5 4. e3 cxd4 5. Bxc4 e6 6. exd4 Nf6 7. O-O a6 8.
Qe2 Be7 9. Rd1 O-O 10. Nc3 b5 11. Bb3 Bb7 12. Bg5 b4 13. d5 bxc3 14. dxe6 cxb2
15. exf7+ Kh8 16. Qxb2 Qa5 17. Qe2 Qb4 18. Ne5 Nbd7 19. f4 Nxe5 20. fxe5 Ne4
21. Bf4 Nc3 22. Qg4 Nxd1 23. Rxd1 Rad8 24. h4 Rxd1+ 25. Qxd1 Qb6+ 26. Kh2 Qf2
27. Qg4 Bxg2 28. Bg3 Qf1 29. Bf4 Bc5 0-1